Online Catalogue and eLibrary

Sinhala jana wahara (Record no. 5104)

MARC details
000 -LEADER
fixed length control field 00404nam a2200169Ia 4500
005 - DATE AND TIME OF LATEST TRANSACTION
control field 20250703010245.0
008 - FIXED-LENGTH DATA ELEMENTS--GENERAL INFORMATION
fixed length control field 240331s9999 xx 000 0 und d
020 ## - INTERNATIONAL STANDARD BOOK NUMBER
ISBN 9552017750
082 ## - DDC Classification
Item Number - Author Mark DIS
Class No. 398
100 ## - MAIN ENTRY--PERSONAL NAME
Personal name Disanayake,J.B
245 #0 - TITLE STATEMENT
Title Sinhala jana wahara
250 ## - EDITION STATEMENT
Edition statement 3rd
260 ## - PUBLICATION, DISTRIBUTION, ETC.
Place of publication, distribution, etc. Colombo
Name of publisher, distributor, etc. S. Godage & Brothers
Date of publication, distribution, etc. 2000
300 ## - PHYSICAL DESCRIPTION
Extent (e.g. Volumes, Pages etc.) 267 p .,
650 ## - SUBJECT ADDED ENTRY--TOPICAL TERM
Topical term or geographic name entry element Sinhala Folk Idiom
942 ## - Koha item type (Biblio)
Koha item type Books in Stacks (Lending)
Holdings
Lost status Damaged status Collection code Home library Current library Shelving location Date acquired Full call number Accession Number Item type
    Lending WERC Library WERC Library Social Science Cupboard 03/31/2024 398 DIS 4853 Books in Stacks (Lending)

© WERC Library